Algebraic equations : an introduction to the theories of Lagrange and Galois

Αποθηκεύτηκε σε:
Λεπτομέρειες βιβλιογραφικής εγγραφής
Κύριος συγγραφέας: Dehn, Edgar, 1890-1986
Μορφή: Βιβλίο
Γλώσσα:English
Δημοσίευση: New York : Dover Publications, c1960
Σειρά:Dover books on advanced mathematics
Θέματα:
Ετικέτες: Προσθήκη ετικέτας
Δεν υπάρχουν, Καταχωρήστε ετικέτα πρώτοι!

MARC

LEADER 00000cam a2200000 i 4500
001 1/95707
008 081017s1960 eng d
035 |l 10100999 
040 |a GR-MY-UA  |b gre  |e aacr 
041 0 |a eng 
082 0 |a 512  |2 (22) 
100 1 |a Dehn, Edgar,   |d 1890-1986. 
245 1 0 |a Algebraic equations :  |b an introduction to the theories of Lagrange and Galois /  |c by Edgar Dehn 
260 |a New York :   |b Dover Publications,   |c c1960 
300 |a xi, 208 σ.;  |c 20 εκ. 
490 1 |a Dover books on advanced mathematics 
504 |a Περιέχει ευρετήριο 
650 0 0 |a Equations, Theory of. 
650 0 0 |a Group theory. 
650 0 0 |a Dynamics. 
650 0 0 |a Galois theory. 
830 0 |a Dover books on advanced mathematics 
852 |a INST  |b SAMOS  |c MAG  |e 20081017  |h 512 DEH  |p 005300029943  |q 005300029943  |t BK  |y 0 
901 |a BIBL3-2008-3 
909 |a Σ  |b 134807 
970 |a ΣΙΤΖΙΜΗ  |b ΓΙΑΣΕΜΗ  |z 2008/10/17